000 00646nam a2200205Ia 4500
003 GCL
008 140319s9999 xx 000 0 ara d
040 _aGCL /
_cGCL
082 0 4 _a812.052
_bو م
100 1 _aوليد يوسف
245 1 0 _aمات الملك /
_cوليد يوسف
260 _a[S.N] :
_bالهيئة المصرية العامة للكتاب ،
_c1994
300 _a147 ص
490 _aالمسرح العربى
_v0
650 0 4 _aالادب العربى
650 0 4 _aالسخرية فى الادب
650 0 4 _aالمسرحيات الكوميدية
650 0 4 _aالمسرحيات العربية
942 _2ddc
_cBK
999 _c33314
_d33314